UM Logo
Normal view MARC view
  • Auditing.

Entry Topical Term

Number of records used in: 1

001 - CONTROL NUMBER

  • control field: 41745

003 - CONTROL NUMBER IDENTIFIER

  • control field: OSt

005 - DATE AND TIME OF LATEST TRANSACTION

  • control field: 20200229160136.0

008 - FIXED-LENGTH DATA ELEMENTS

  • fixed length control field: 200229|| aca||aabn | a|a d

040 ## - CATALOGING SOURCE

  • Original cataloging agency: OSt
  • Transcribing agency: OSt

150 ## - HEADING--TOPICAL TERM

  • Topical term or geographic name entry element: Auditing.

670 ## - SOURCE DATA FOUND

  • Source citation: Work cat.: (OSt)14515: 40119 Holm, Claus., Regulating audit quality: , ©Mar 2012-Sept 2015.